Lessons from Lesotho: arbitrators' powers reviewed (Record no. 74425)

MARC details
000 -LEADER
fixed length control field 01353cab a2200265 4500
001 - CONTROL NUMBER
control field ABS@61468
008 - FIXED-LENGTH DATA ELEMENTS--GENERAL INFORMATION
fixed length control field 040616n2004 000 0 eng u
035 ## - SYSTEM CONTROL NUMBER
System control number (Sirsi) u126487
100 ## - MAIN ENTRY--PERSONAL NAME
Personal name Baker, E.
245 ## - TITLE STATEMENT
Title Lessons from Lesotho: arbitrators' powers reviewed
260 ## - PUBLICATION, DISTRIBUTION, ETC.
Date of publication, distribution, etc. 2004
490 ## - SERIES STATEMENT
Series statement International Construction Law Review
Volume/sequential designation 21(2) April 2004, 140-152(13)
520 ## - SUMMARY, ETC.
Summary, etc. Provides an in depth discussion on the powers of arbitrators, the currency of awards and granting of interest as outlined in "Lesotho Highlands Development Agency v Impregilo SpA" ([2003] EWCA Civ 1159, [2003] BLR 347). Explains the background to the project, the parties involved and key issues in dispute. Discusses the arbitration proceedings and the challenge to the award by L in the High Court ([2002] EWHC 2435 (Comm), [2003] BLR 98), upheld on appeal by the CA. Looks at currency and interest issues raised. References. View judgment at www.courtservice.gov.uk.
590 ## - LOCAL NOTE (RLIN)
Local note ABS
590 ## - LOCAL NOTE (RLIN)
Local note ABS
650 ## - SUBJECT ADDED ENTRY--TOPICAL TERM
Topical term or geographic name entry element LESOTHO HIGHLANDS DEVELOPMENT AGENCY V IMPREGILO SPA
650 ## - SUBJECT ADDED ENTRY--TOPICAL TERM
Topical term or geographic name entry element ARBITRATION ACT 1996
650 ## - SUBJECT ADDED ENTRY--TOPICAL TERM
Topical term or geographic name entry element CURRENCIES
650 ## - SUBJECT ADDED ENTRY--TOPICAL TERM
Topical term or geographic name entry element INTEREST
650 ## - SUBJECT ADDED ENTRY--TOPICAL TERM
Topical term or geographic name entry element ENGLISH LAW
650 ## - SUBJECT ADDED ENTRY--TOPICAL TERM
Topical term or geographic name entry element FIDIC RED BOOK
650 ## - SUBJECT ADDED ENTRY--TOPICAL TERM
Topical term or geographic name entry element ICC RULES
690 ## - LOCAL SUBJECT ADDED ENTRY--TOPICAL TERM (OCLC, RLIN)
Topical term or geographic name as entry element MANGEMENT-DISPUTE AVOIDANCE, MANAGEMENT AND RESOLUTION-DISPUTE MANAGEMENT AND RESOLUTION
942 ## - ADDED ENTRY ELEMENTS (KOHA)
Suppress in OPAC 0
Holdings
Withdrawn status Lost status Source of classification or shelving scheme Damaged status Not for loan Home library Current library Shelving location Date acquired Total Checkouts Full call number Barcode Date last seen Copy number Price effective from Koha item type
    Dewey Decimal Classification     London London Journal article 16/06/2004   X126487 126487-1001 06/08/2019 1 06/08/2019 Journal article